000 00330 a2200109 4500
001 ART_6251
005 20260410161619.0
008 260409a
245 1 0 _aJustificación del uso de las sociedades irregulares y de hecho
100 1 _aRodríguez, Raquel E.
773 0 _tEnfoques
_g- Nº 9 (sep. 2008)
_wREV416
999 _c11363
_d11363